Logo BPK

Biblioteka

Politechniki Koszalińskiej

System polityczny społeczeństwa socjalistycznego / (Rekord nr 9868)

Szczegóły MARC
000 -ETYKIETA REKORDU
podpole kontrolne o stałej długości 00584nam a2200181 i 4500
001 - NUMER KONTROLNY REKORDU
pole kontrolne bg
040 ## - ŹRÓDŁO KATALOGOWANIA
Instytucja, która utworzyła rekord BPK
041 ## - KOD JĘZYKA
Kod języka tekstu pol
080 ## - UNIWERSALNA KLASYFIKACJA DZIESIĘTNA - UKD
UKD 32
008 - POLE O STAŁEJ DŁUGOŚCI - DANE KONTROLNE
podpole kontrolne o stałej długości s pl f |000 0 pol
100 1# - NAZWA OSOBOWA
Nazwa osobowa DZIUBKO, Ilja S.
245 #0 - TYTUŁ/ODPOWIEDZIALNOŚĆ
Tytuł System polityczny społeczeństwa socjalistycznego /
Pozostałe elementy strefy tytułu i oznaczenia odpowiedzialności Ilia S. Dziubko, Józef B. Wołoch.
260 ## - STREFA ADRESU WYDAWNICZEGO
Miejsce wydania Wrocław,
Data publikacji, dystrybucji/powstania dokumentu 1979.
490 1# - STREFA SERII I DOKUMENTU WIELOCZĘŚCIOWEGO - FORMA NIE DO WYSZUKIWANIA
Tytuł i oznaczenie odpowiedzialności serii Prace Naukowe Instytutu Nauk Społecznych Politechniki Wrocławskiej ;
Numeracja w obrębie serii 18
700 1# - HASŁO DODATKOWE - NAZWA OSOBOWA
Nazwa osobowa WOŁOCH, Józef B.
830 ## - HASŁO DODATKOWE SERII LUB DOKUMENTU WIELOCZĘŚCIOWEGO - TYTUŁ UJEDNOLICONY
Tytuł ujednolicony Prace Naukowe Instytutu Nauk Społecznych Politechniki Wrocławskiej ;
856 ## - LOKALIZACJA I DOSTĘP DO ELEKTRONICZNYCH DOKUMENTÓW ZDALNYCH
Link (URL) http://koha.tu.koszalin.pl/cgi-bin/koha/opac-detail.pl?biblionumber=9868
Tekst linku Katalog online BPK
942 ## - DODATKOWE ELEMENTY (KOHA)
Typ dokumentu Książka
Egzemplarze
Wycofany Status egzemplarza Uszkodzony Dostępność Lokalizacja stała Lokalizacja bieżąca Miejsce przechowywania Sygnatura Kod kreskowy Typ dokumentu
      Dostępny Biblioteka Politechniki Koszalińskiej Biblioteka Politechniki Koszalińskiej Wypożyczalnia BG 25285 01076479 Książka
© 2023 Biblioteka Politechniki Koszalińskiej :: KOHA